| 000 | 00575nam a2200181Ia 4500 | ||
|---|---|---|---|
| 005 | 20260601193247.0 | ||
| 008 | 260601s9999||||xx |||||||||||||| ||und|| | ||
| 020 |
_a978-981-97-4396-4 _qebk |
||
| 100 | _aKangshun Li | ||
| 245 | 0 | _aIntelligence Computation and Applications | |
| 250 | _a2024 | ||
| 260 |
_aHeidelberg, Germany _bSpringer Nature _c2024 |
||
| 440 | _aCommunications in Computer and Information Science | ||
| 650 | _aComputer Science | ||
| 700 | _aYong Liu | ||
| 856 | _uhttps://link.springer.com/openurl?genre=book&isbn=978-981-97-4396-4 | ||
| 942 |
_cEB _2ddc |
||
| 999 |
_c56589 _d56589 |
||